Country Music Title in the Lyrics - Statistics

General Stats
  • This quiz has been taken 1,187 times
  • The average score is 5 of 19
Answer Stats
Lyrics Title % Correct
Come on somebody, why don't you run? ___ ___'s itchin' to have a little fun. Ol' Red
74%
Just a dirt road with trash on each side, but I was Mario Andretti, when daddy let me _____. Drive
70%
Threw back a shot, yelled "I'm a George Strait junkie!" Ayoo hoo ____ _________ _______! Play Something Country
52%
___ __ ___ ____ __ _____, and that's why I hang my hat in Tennessee. All my ex's live in Texas
50%
I got a _____ ___ _________. We went and jumped off the deep end, flew out to LA for the weekend, spent the whole day lyin' on the beach... Brand New Girlfriend
35%
You know I'm ____ ___ ___ _____ and I ain't leavin' 'til they throw me out. Here for the Party
34%
My love is ______ ____ ___ ______, stronger than the river. Higher than the pine trees growing tall up on the hill. Deeper than the Holler
30%
____ __ __, I can feel 'em flying like a hand out the window in the wind. Days Go By
23%
And the girls say ____ _ _____, ____ _ ______. Everybody says ____ _ _____, ____ _ ______. Save a horse, ride a cowboy
22%
You'll see her footprints in the sand 'cause every night she walks ___ _______ __ ________. The Beaches of Cheyenne
22%
I was back in that ___ ______ on the day she stopped lovin' me. Red Ragtop
19%
She hit me with the left and right, showin' me ______ ___ ___ __________ and that's about as lonely as a highway's ever been Nothin but the taillights
18%
I need that girl beside me When the lights go out I think it's time to put a ring on the finger I'm _______ ______. Wrapped Around
17%
We had a ___ __ ___ ______, pizza on the floor left over from the night before. Keg in the Closet
15%
Well, ___ __ _ _____ since you did, what you've done to me I can't lie, I sometimes cry, when I think of how it used to be. How Am I Doin'
8%
If you'd let me hold you honey I'd holler out loud I'll never love another even if I can Oh, come to me baby, I'm a ___ _____ ___. One Woman Man
6%
Now the things that still haunt him 'til the day that he dies is the smell of _____ _______ and the sound of goodbye. Cheap Whiskey
2%
Hey __ _______, that's my kind of living, __ _______, I was born and raised in it. White beans, collar greens, sweet tea, chicken and dumplin's. I'm Country
2%
_____ __ ____ __ _____, that's my cup of tea. _____ __ ____ __ _____, the one I want for me. That's my Kind of Woman
1%
No matching quizzes found
Score Distribution
Percent of People with Each Score
Percentile by Number Answered
Your Score History
You have not taken this quiz